All Tricolour Flags of the World - Statistics

General Stats
  • This quiz has been taken 109 times
  • The average score is 20 of 23
Answer Stats
Picture Answer % Correct
Belgium
99%
Germany
98%
France
97%
Ireland
97%
Italy
97%
Netherlands
94%
Russia
94%
Côte d'Ivoire
93%
Estonia
93%
Hungary
93%
Bulgaria
92%
Luxembourg
88%
Romania
88%
Armenia
84%
Chad
84%
Yemen
84%
Lithuania
77%
Madagascar
76%
Gabon
73%
Bolivia
70%
Guinea
69%
Sierra Leone
69%
Mali
67%
No matching quizzes found
Score Distribution
Percent of People with Each Score
Percentile by Number Answered
Your Score History
You have not taken this quiz